[Event "ESP-ch U12"]
[Site "Salobrena"]
[Date "2020.07.31"]
[Round "7"]
[White "Menendez Perez, Miguel"]
[Black "Carrizo Ledesma, Helena"]
[Result "1-0"]
[WhiteElo "1542"]
[BlackElo "1305"]
[PlyCount "77"]
[EventDate "2020.07.27"]
[EventType "swiss"]
[EventRounds "9"]
[EventCountry "ESP"]
[SourceTitle "EXT 2021"]
[Source "ChessBase"]
[SourceDate "2020.10.23"]
[SourceVersion "1"]
[SourceVersionDate "2020.10.23"]
[SourceQuality "1"]

1. e4 d5 2. exd5 Qxd5 3. Nc3 Qd6 4. Nf3 Nf6 5. d4 g6 6. Bc4 Bg7 7. h3 0-0 8. 0-0 a6 9. a4 Nc6 10. Be3 Nb4 11. Re1 Bf5 12. Rc1 Rad8 13. Ne2 c5 14. c3 cxd4 15. Bf4 Qb6 16. cxb4 d3 17. Ned4 Rxd4 18. Nxd4 Qxd4 19. Be3 Qd7 20. Qd2 Rd8 21. Red1 b5 22. axb5 axb5 23. Bb6 Rb8 24. Bc7 bxc4 25. Bxb8 Ne4 26. Qf4 g5 27. Qc7 Qd4 28. Ba7 Qd6 29. Rxc4 Bxb2 30. b5 Qxc7 31. Rxc7 Nc3 32. b6 Be4 33. Rxd3 Ne2+ 34. Kh1 Be5 35. Re3 f5 36. Rxe2 Bd6 37. f3 Bd5 38. Rd2 Bxc7 39. bxc7 1-0

[Event "ESP-ch U12"]
[Site "Salobrena"]
[Date "2020.07.30"]
[Round "6"]
[White "Carrizo Ledesma, Helena"]
[Black "Ramos Redondo, Nayeli"]
[Result "1-0"]
[WhiteElo "1305"]
[BlackElo "1170"]
[PlyCount "21"]
[EventDate "2020.07.27"]
[EventType "swiss"]
[EventRounds "9"]
[EventCountry "ESP"]
[SourceTitle "EXT 2021"]
[Source "ChessBase"]
[SourceDate "2020.10.23"]
[SourceVersion "1"]
[SourceVersionDate "2020.10.23"]
[SourceQuality "1"]

1. e4 e5 2. Nf3 Nc6 3. Bc4 Nf6 4. Ng5 d5 5. exd5 Nxd5 6. Nxf7 Kxf7 7. Qf3+ Ke6 8. Nc3 Nd4 9. Bxd5+ Kd6 10. Qf7 c6 11. Ne4# 1-0

[Event "Wch U10 Girls"]
[Site "Santiago de Compostela"]
[Date "2018.11.04"]
[Round "1"]
[White "Szczotka, Klara"]
[Black "Carrizo Ledesma, Helena"]
[Result "1-0"]
[WhiteElo "1581"]
[BlackElo "1149"]
[PlyCount "113"]
[EventDate "2018.11.04"]
[EventType "swiss"]
[EventRounds "11"]
[EventCountry "ESP"]
[SourceTitle "EXT 2022"]
[Source "ChessBase"]
[SourceDate "2021.10.06"]
[SourceVersion "1"]
[SourceVersionDate "2021.10.06"]
[SourceQuality "1"]

1. e4 e6 2. d4 d5 3. Nc3 Nc6 4. e5 Bb4 5. a3 Bxc3+ 6. bxc3 Nge7 7. Bd3 Nf5 8. Nf3 0-0 9. 0-0 Bd7 10. Qe2 a6 11. a4 Na7 12. c4 dxc4 13. Bxc4 b5 14. axb5 Bxb5 15. Be3 Rb8 16. Rfd1 Nc6 17. Rab1 Bxc4 18. Qxc4 Rxb1 19. Rxb1 Nxe3 20. fxe3 Qa8 21. Nd2 Rb8 22. Rxb8+ Nxb8 23. Qxc7 Nc6 24. Nc4 Nb4 25. Nd6 Qf8 26. c4 f6 27. exf6 Qxf6 28. Qb8+ Qf8 29. Qxb4 a5 30. Qa3 a4 31. Nb5 Qa8 32. Nc3 Qa5 33. Qxa4 Qxa4 34. Nxa4 Kf7 35. Kf2 Kf6 36. e4 e5 37. dxe5+ Kxe5 38. Ke3 g6 39. c5 g5 40. Nb6 h5 41. Nc4+ Ke6 42. Kd4 g4 43. g3 Kd7 44. Ne5+ Ke6 45. c6 Kd6 46. Ke3 Kc7 47. Kf4 Kd6 48. Kg5 Kxe5 49. c7 Kxe4 50. c8Q Kf3 51. Qc6+ Kf2 52. Qh1 Ke2 53. Qg2+ Ke1 54. Kf4 Kd1 55. Ke3 Kc1 56. Qa2 Kd1 57. Qb1# 1-0